Detalles MARC
| 000 -LÍDER |
| Campo fijo de descripción fija |
02098aam a2200361 i 4500 |
| 001 - NÚMERO DE CONTROL |
| Campo de control |
768714001 |
| 003 - IDENTIFICADOR DEL NÚMERO DE CONTROL |
| Campo de control |
CO-MdFUSB |
| 005 - FECHA Y HORA DE LA ULTIMA TRANSACCIÓN |
| control field |
20231010171027.0 |
| 007 - CAMPO FIJO DE DESCRIPCIÓN FIJA--INFORMACIÓN GENERAL |
| Campo fijo de descripción fija |
ta |
| 008 - ELEMENTOS DE LONGITUD FIJA -- INFORMACIÓN GENERAL |
| Campo fijo de descripción fija -- Información general |
231002t19801982flu||||g |||| 00| 0 spa d |
| 020 ## - NÚMERO INTERNACIONAL NORMALIZADO PARA LIBROS |
| Número Internacional Normalizado del libro |
0829712305 |
| 040 ## - FUENTE DE CATALOGACIÓN |
| Agencia de catalogación original |
CO-MdFUSB |
| Idioma de catalogación |
spa |
| Agencia que realiza la transcripción |
CO-MdFUSB |
| Agencia que realiza la modificación |
CO-MdFUSBC |
| Convenciones de la descripción |
rda |
| 041 ## - CÓDIGO DE IDIOMA |
| Código de idioma para texto/pista de sonido o título separado |
spa |
| Código de idioma original |
eng |
| 082 ## - NÚMERO DE CLASIFICACIÓN DECIMAL DEWEY |
| Número de la edición del Dewey |
23 |
| Número de clasificación |
248 |
| Clave de autor-Numero de item |
N372 |
| 100 ## - ASIENTO PRINCIPAL--NOMBRE PERSONAL |
| Nombre personal |
Nee, Watchman. |
| Fechas asociadas con el nombre |
1903–1972 |
| Término relacionador |
autor |
| 240 ## - TITULO UNIFORME |
| Título uniforme |
<a href="The mesenger of the cross">The mesenger of the cross</a> |
| 245 #3 - TÍTULO |
| Título del Material |
El mensajero de la cruz |
| Mención de responsabilidad, etc. |
/ Watchman Nee ; traducido por José Silva D. |
| 250 ## - MENCIÓN DE EDICIÓN |
| Mención de edición |
edición en idioma castellano |
| 264 #1 - PRODUCCIÓN, PUBLICACIÓN, DISTRIBUCIÓN, MANUFACTURA, Y COPYRIGHT |
| Lugar de producción, publicación, distribución, manufactura |
Miami, Florida : |
| Nombre del productor, publicador, distribuidor |
Vida, |
| Fecha de producción, publicación, distribución, manufactura, o copyright |
[1980] |
| 264 #4 - PRODUCCIÓN, PUBLICACIÓN, DISTRIBUCIÓN, MANUFACTURA, Y COPYRIGHT |
| Fecha de producción, publicación, distribución, manufactura, o copyright |
©1982 |
| 300 ## - DESCRIPCIÓN FÍSICA |
| Extensión |
168 páginas |
| Dimensiones |
; 18 cm |
| 336 ## - TIPO DE CONTENIDO |
| Fuente |
rdacontent |
| Término de tipo de contenido |
texto |
| Código de tipo de contenido |
txt |
| 337 ## - TIPO DE MEDIO |
| Fuente |
rdamedia |
| Nombre del tipo de medio |
sin mediación |
| Código del tipo de medio |
n |
| 338 ## - TIPO DE SOPORTE |
| Fuente |
rdacarrier |
| Nombre del tipo de soporte |
volumen |
| Código Tipo de soporte |
nc |
| 504 ## - NOTA DE BIBLIOGRAFÍA, ETC. |
| Nota de bibliografía, etc |
Incluye índice |
| 505 ## - NOTA DE CONTENIDO |
| Nota de contenido con formato preestablecido |
1. El mensajero de la Cruz -- 2. En Cristo -- 3. La facultad de escoger -- 4. ¿Espiritual o mental? -- 5. Partiendo el alma y el Espíritu -- 6. Conociéndonos a nosotros mismos -- 7. ¿Como es su corazón? -- 8. El primer pecado del hombre -- 9. Tomad el yelmo de la salvación. |
| 520 ## - NOTA DE RESUMEN, ETC. |
| Nota de sumario, etc. |
Otra obra de Watchman Nee sobre temas profundos e interesantes, escrita en su estilo penetrante, directo, no disfrazado. En ella nos enseña que la Cruz se halla en el origen de todo lo espiritual. La Cruz ocupa un lugar de capital importancia en el designio de la voluntad de Dios. para que Cristo sea el todo en todos, no hay ningún medio eficaz fuera de la Cruz. Por ella Cristo vino a nosotros y solo por ella lo conocemos, y llegamos a tener un verdadero conocimiento de nosotros mismos. esto significa que tenemos que dejar que la palabra de Dios penetre en nosotros hasta partir nuestra Alma y nuestro Espíritu, ya que la raíz de todos los pecados es la vida del yo caído del hombre. Cuando le damos este trato al yo, es cuando podemos convertirnos en verdaderos mensajeros de la Cruz. |
| 563 ## - NOTA DE ENCUADERNACIÓN |
| Nota de encuadernación |
Rústico |
| 650 #7 - ASIENTO SECUNDARIO DE MATERIA - TERMINO TEMÁTICO |
| 9 (RLIN) |
239 |
| Término temático o nombre geográfico como elemento de entrada |
Cristología |
| 700 ## - ASIENTO SECUNDARIO - NOMBRE PERSONAL |
| 9 (RLIN) |
8347 |
| Nombre personal |
Silva, José |
| Responsabilidad |
traductor |
| 942 ## - TIPO DE MATERIAL (KOHA) |
| Tipo de Item KOHA |
Libros General |
| 945 ## - INFORMACIÓN LOCAL DEL REGISTRO |
| Catalogador |
sor1564 |